Apuntes para la historia de Guacarhue y de Pencahue de Talca

Kaydedildi:
Detaylı Bibliyografya
Yazar: Lizana M., Elías (autor)
Materyal Türü: Kitap
Dil:İspanyolca
Baskı/Yayın Bilgisi: Santiago, Chile Chile 1909
Konular:
Etiketler: Etiketle
Etiket eklenmemiş, İlk siz ekleyin!

MARC

LEADER 00000nam a2200000 a 4500
001 UCO2594
003 CL-VaPUC
005 20211218074418.0
008 000608e19090000CL |||||||||||||||||spa|d
999 |c 289099  |d 289097 
040 |c Pontificia Universidad Católica de Valparaíso 
082 0 4 |a 983.35 LIZ 1909  |2 21 
100 |a Lizana M., Elías  |e autor  |9 514878 
245 1 0 |a Apuntes para la historia de Guacarhue y de Pencahue de Talca 
260 |a Santiago, Chile  |b Chile  |c 1909 
300 |a 379 páginas 
583 |a last modification  |c 20000608 00:00:00  |k Rodrigo Vera 
650 0 |a Ciudades  |z TALCA  |z CHILE  |9 265474 
650 0 |a Historia local  |z TALCA  |9 266584 
650 0 |a Colonización española  |z TALCA  |z CHILE  |9 256592 
650 7 |a HISTORIA ECLESIASTICA  |2 CL-VaPUC  |9 445992  |z TALCA  |z CHILE 
852 |a BIBCUR 
942 |c BK  |2 ddc 
945 |d 20000608 00:00:00  |a crobeson 
952 |0 0  |1 0  |2 ddc  |4 0  |6 983_350000000000000_LIZ_1909  |7 0  |8 X  |9 337258  |a BIBHIS  |b BIBHIS  |d 2019-11-20  |i 1293117  |o 983.35 LIZ 1909  |p 1293117  |r 2024-01-30  |t 1  |w 2019-11-20  |y BK_X  |k HIS 
952 |0 0  |1 0  |2 ddc  |4 0  |6 983_350000000000000_LIZ_1909  |7 0  |8 X  |9 337259  |a FDOBUD  |b FDOBUD  |d 2019-11-20  |i 1027069  |o 983.35 LIZ 1909  |p 1027069  |r 2019-11-20  |t 2  |w 2019-11-20  |y BK_X  |k BUD